|
|
|
|
| LEADER |
00000nam0a2200000 4500 |
| 001 |
304943 |
| 005 |
20231102001742.0 |
| 035 |
|
|
|a (RuTPU)RU\TPU\book\330202
|
| 090 |
|
|
|a 304943
|
| 100 |
|
|
|a 20150921d1983 m y0rusy50 ca
|
| 101 |
0 |
|
|a rus
|
| 102 |
|
|
|a RU
|
| 105 |
|
|
|a a z 000zy
|
| 200 |
1 |
|
|a Микро- и мини-ЭВМ: настоящее и будущее
|f Б. Н. Наумов
|
| 210 |
|
|
|a Москва
|c Знание
|d 1983
|
| 215 |
|
|
|a 64 с.
|c ил.
|
| 225 |
1 |
|
|a Библиотечка "Союз науки и труда"
|
| 225 |
1 |
|
|a В помощь лектору
|
| 606 |
1 |
|
|a Мини-ЭВМ
|2 stltpush
|3 (RuTPU)RU\TPU\subj\44073
|9 63454
|
| 610 |
1 |
|
|a микро-ЭВМ
|
| 610 |
1 |
|
|a элементная база
|
| 610 |
1 |
|
|a архитектура
|
| 610 |
1 |
|
|a вычислительные комплексы
|
| 610 |
1 |
|
|a программное обеспечение
|
| 675 |
|
|
|a 622.322-181.4
|v 4
|
| 700 |
|
1 |
|a Наумов
|b Б. Н.
|g Борис Николаевич
|
| 801 |
|
1 |
|a RU
|b 63413507
|c 20150921
|
| 801 |
|
2 |
|a RU
|b 63413507
|c 20190426
|g RCR
|
| 942 |
|
|
|c BK
|